000 00274nam a22001217a 4500
008 170316b xxu||||| |||| 00| 0 eng d
041 _aeng
080 _a616.8
100 _a7
101 _aSHM
245 _aBEHAVIOR AND NEUROLOGY OF LIZARDS
_cMACLEAN.P.D
942 _2udc
_cBK
999 _c8020
_d8020